000 00500nam a2200145 4500
999 _c10319
_d10319
008 180822b ||||| |||| 00| 0 eng d
022 _a2094-8042
082 _aDPer 370.105 M72 Jan-Dec 2011 v59-60
100 _930419
_aHonrejas, Rosario T.
245 _aCharacteristics of a principle-centered educational leader/
_cRosario T. Honrejas.
260 _aPhilippines:
_bIn the Grade School, Inc.,
_cc2011.
300 _av60 n2, page 50;
_c27cm.
650 0 _930420
_aLeadership.
942 _2ddc
_cPER